Russlanddeutsche Lieder (Titelsatznr. 28916)
[ MARC ]
| 000 -Satzkennung | |
|---|---|
| Kontrollfeld mit fester Länge | 00654nam a22001931cc4500 |
| 001 - Kontrollnummer | |
| Kontrollfeld | a987692779+Band2 |
| 035 ## - Systemkontrollnummer | |
| System-Kontrollnummer | a987692779 |
| 008 - Feld mit fester Länge zur physischen Beschreibung - Allgemeine Angaben | |
| Kontrollfeld mit fester Länge | 191205s2018 gw |||| 000u ger d |
| 020 ## - Internationale Standardbuchnummer | |
| Internationale Standardbuchnummer | 9783837514902 |
| Verknüpfung | 978-3-8375-1490-2 |
| 040 ## - Katalogisierungsquelle | |
| Übertragungsstelle | RU-10907106 |
| 003 - Kontrollnummer Identifier | |
| Kontrollfeld | RU-10907106 |
| 245 00 - Titel | |
| Titel | Russlanddeutsche Lieder |
| Zählung des Teils/der Abteilung eines Werkes | Band 2 |
| Titel eines Teils/einer Abteilung eines Werkes | Analysen und Quellen |
| 264 ## - Produktion, Veröffentlichung, Distribution, Herstellung und Urheberrechtsvermerk | |
| Herstellungs-, Veröffentlichungs- Vertriebs-, Erzeugungsort | Essen : |
| Produzent, Herausgeber, Distributor, Hersteller | Klartext, |
| Datum der Herstellung, der Veröffentlichung, des Vertriebs oder des Urheberschutzvermerks | 2018 |
| 246 12 - Titelvarianten | |
| Hauptsachtitel/Kurztitel | Russlanddeutsche Lieder : Geschichte - Sammlung - Lebenswelten. Analysen und Quellen |
| Zählung des Teils/der Abteilung eines Werkes | Band 2 |
| 300 ## - Physische Beschreibung | |
| Umfang | 431 Seiten |
| 490 #0 - Gesamttitelangabe | |
| Gesamttitelangabe | Veröffentlichungen zur Kultur und Geschichte im östlichen Europa |
| Bandnummer/Folgebezeichnung | 52-2 |
| 773 08 - Übergeordnete Einheit | |
| Datensatzkontrollnummer | a987692779 |
| Zählung und erste Seite | Band2 |
| 942 ## - Zusätzliche Felder (Koha) | |
| Koha-Medientyp | Monographien |
| Ausgeschieden | Verloren | Klassifikation oder Aufstellungssystematik | Beschädigt | Nicht entleihbar | Heimatbibliothek | Aufenthaltsbibliothek | Aufstellungsort | Erwerbungsdatum | Inventarnummer | Signatur | Barcode | Letzte Aktivität | Preis gültig von | Koha-Medientyp |
|---|---|---|---|---|---|---|---|---|---|---|---|---|---|---|
| Andere/Generische Klassifikation | MWN Osteuropa | MWN Osteuropa | Magazin - 2 | 05/12/2019 | 19-01581 | R 60 o Deut 31 (2) | E00401080A939D7E | 23/04/2020 | 22/03/2021 | Monographien |